| 000 | 01329nam a22005057a 4500 | ||
|---|---|---|---|
| 001 | BR0601232 | ||
| 003 | BR-BrBNA | ||
| 005 | 20230928102110.0 | ||
| 007 | ta | ||
| 008 | 230509b bl.||||| |||| 00| 0 por d | ||
| 020 | _aISBN 85-88388-01-4 | ||
| 040 |
_aBR-BrBNA _bpor _cBiblioteca Nacional de Agricultura |
||
| 041 | _a(Por) | ||
| 072 |
_aL01; E71; E72 _b9340 _b7100 |
||
| 090 | _ 9340 BR0601232 | ||
| 100 | 1 | _aSilva, A.F. da | |
| 100 | 1 | _aPereira, F. de M. | |
| 100 | 1 | _aAlcoforado Filho, F.G. | |
| 100 | 1 | _aGonçalves, J.C. | |
| 100 | 1 | _aLopes, J.J. | |
| 100 | 1 | _aOliveira, L. de A. | |
| 100 | 1 | _aVilela, S.L. de O. | |
| 110 | 1 | _aEMBRAPA Meio-Norte, Teresina, PI (Brasil) | |
| 245 | 1 | _aCadeia produtiva do mel no Estado do Piauí | |
| 260 | 3 |
_aTeresina, PI (Brasil): _c2000. |
|
| 300 | _a121 p. | ||
| 500 | _a12 tables; 40 illus.; 30 ref. | ||
| 650 | _aMEL | ||
| 650 | _aAPICULTURA | ||
| 650 | _aAPIÁRIO | ||
| 650 | _aCOLMÉIA | ||
| 650 | _aCUSTO | ||
| 650 | _aABELHA | ||
| 650 | _aPRODUÇÃO | ||
| 650 | _aCOMERCIALIZAÇÃO | ||
| 650 | _aCOMÉRCIO EXTERIOR | ||
| 650 | _aCOMÉRCIO INTERNO | ||
| 650 | _aCERA | ||
| 650 | _aPRÓPOLIS | ||
| 650 | _aPÓLEN | ||
| 650 | _aGELÉIA | ||
| 650 | _aFISCALIZAÇÃO SANITÁRIA | ||
| 909 |
_a202309 _bLucia _c55 _dLucia Elande |
||
| 942 | _cBK | ||
| 999 |
_c69131 _d69131 |
||